书目信息 |
| 题名: |
体育建筑设计手册
|
|
| 作者: | 曾涛 主编 | |
| 分册: | ||
| 出版信息: | 北京 中国建筑工业出版社 2001.8 |
|
| 页数: | 334页 | |
| 开本: | 30cm | |
| 丛书名: | ||
| 单 册: | ||
| 中图分类: | TU245-62 | |
| 科图分类: | ||
| 主题词: | 民用建筑--建筑设计 | |
| 电子资源: | ||
| ISBN: | 7-112-04657-2 | |
| 000 | 00561nam0 2200193 45 | |
| 001 | 0258018124 | |
| 005 | 2002041516065813 | |
| 010 | @a7-112-04657-2@dRMB 59.00 | |
| 100 | @a20020415d2001 km y0chiy0120 ea | |
| 101 | 0 | @achi |
| 102 | @aCN@b110000 | |
| 200 | 1 | @a体育建筑设计手册@Ati yu jian zhu she ji shou ce@f曾涛主编@FCeng Tao Zhu Bian |
| 210 | @a北京@c中国建筑工业出版社@d2001.8 | |
| 215 | @a334页@d30cm | |
| 606 | 0 | @a民用建筑@x建筑设计 |
| 690 | @aTU245-62@v3 | |
| 701 | 0 | @a曾涛@ACeng Tao@4主编 |
| 801 | 0 | @aCN@bPFT@c20020415 |
| 905 | @a10447@dTU245-62@eZ029 | |
| 体育建筑设计手册/曾涛主编.-北京:中国建筑工业出版社,2001.8 |
| 334页;30cm |
| ISBN 7-112-04657-2:RMB 59.00 |
| ● |
| 相关链接 |
|
|
|
正题名:体育建筑设计手册
索取号:TU245-62/Z029
 
预约/预借
| 序号 | 登录号 | 条形码 | 馆藏地/架位号 | 状态 | 备注 |
| 1 | 356169 | 203561699 | 建筑库101/101建筑库 104排3列1层/ [索取号:TU245-62/Z029] | 在馆 | |
| 2 | 356170 | 203561706 | 建筑库101/101建筑库 104排3列1层/ [索取号:TU245-62/Z029] | 在馆 |